Statistiques concernant Nommer les 17 lois du football.

Cliquez ici pour prendre le quiz!

Statistiques générales

  • Ce quiz a été pris 139 fois
  • Le résultat moyen est 4 sur 17

Statistiques - réponses

numéronom% Correct
11hors-jeu
90%
14penalty
74%
17corner
73%
5arbitre
23%
2ballon
23%
1terrain
23%
3joueurs
19%
13coups francs
16%
15rentrée de touche
13%
12fautes et incorrections
12%
16coup de pied de but
11%
4équipement des joueurs
11%
6autres arbitres
10%
7durée d'un match
10%
10issue d'un match
10%
8coup d'envoi et reprise du jeu
9%
9ballon en jeu et hors du jeu
7%

Distribution des résultats

Percentile par nombre de réponses

% des personnes avec chaque résultat

Votre développement - résultats

Vous n’avez pas pris ce quiz